Lega il tuo aratro a una stella! (Record n. 211379)

Dettagli MARC
000 -LEADER
fixed length control field 01636nam a2200217Ia 4500
001 - CONTROL NUMBER
control field b5736-38943
003 - CONTROL NUMBER IDENTIFIER
control field IT-MiCISF
008 - FIXED-LENGTH DATA ELEMENTS--GENERAL INFORMATION
fixed length control field 161014s9999||||xx |||||||||||||| ||und||
040 ## - CATALOGING SOURCE
Original cataloging agency IT-MiCISF
Transcribing agency IT-MiCISF
041 ## - LANGUAGE CODE
Language code of text/sound track or separate title it
999 ## - SYSTEM CONTROL NUMBERS (KOHA)
Koha Dewey Subclass [OBSOLETE] si
100 ## - MAIN ENTRY--PERSONAL NAME
Personal name Moggi Rita
245 #0 - TITLE STATEMENT
Title Lega il tuo aratro a una stella!
250 ## - EDITION STATEMENT
Edition statement 1a ed.
260 ## - PUBLICATION, DISTRIBUTION, ETC. (IMPRINT)
Place of publication, distribution, etc. Siena
Name of publisher, distributor, etc. Cantagalli
Date of publication, distribution, etc. 2003
300 ## - PHYSICAL DESCRIPTION
Extent pp. 244
500 ## - GENERAL NOTE
General note / pastorale-familiare, chiesa-locale, vocazione, teologia, chiesa-domestica, ministero-coniugale, comunità, spiritualità-familiare / Il contenuto del volume è, di fatto, la storia della vita da sposi degli AA., i quali raccontano le dimensioni dell'essere famiglia cristiana, che - proposte dal loro parroco e direttore spirituale - essi hanno accettato e fatto proprie nelle scelte importanti e nei gesti della vita quotidiana. Nel dialogo ricco e fecondo tra loro e il sacerdote, la famiglia diventa Chiesa domestica a partire dalla parrocchia: vivendo l'esperienza della condivisione nelle piccole comunità di famiglie si realizza una dimensione ecclesiale, sociale e spirituale, che lega tra loro gli sposi superando la condizione d'isolamento della moderna famiglia mononucleare. Dalla lettura emergono le linee portanti di un'antropologia vocazionale e comunionale che porta i laici al servizio della Chiesa, senza rinunciare alla loro presenza nel mondo; antropologia nella quale s'innesta una teologia del matrimonio i cui termini costitutivi sono consacrazione, comunità e diaconia.
650 ## - SUBJECT ADDED ENTRY--TOPICAL TERM
Topical term or geographic name as entry element Temi di pastorale / pastorale-familiare
Relator term 012
700 ## - ADDED ENTRY--PERSONAL NAME
Personal name Moggi Vittorio
942 ## - ADDED ENTRY ELEMENTS (KOHA)
Koha item type LIBRO
957 ## -
-- 1
999 ## - SYSTEM CONTROL NUMBERS (KOHA)
-- 1
Dati di copia
Withdrawn status Lost status Damaged status Not for loan Home library Current library Date acquired Total Checkouts Full call number Date last seen Price effective from Koha item type Public note
    Buone Condizioni Not For Loan CISF - Milano CISF - Milano 14/10/2016   b5736-38943 14/10/2016 14/10/2016 LIBRO Data import 15.10.2016 / by Epidotti, Vaglietti
CREDITS: SOCIETA' SAN PAOLO Via A.Severo, 58 - ROMA (RM) & PERIODICI SAN PAOLO SRL Via Giotto, 36 MILANO & CISF Via Giotto, 36 MILANO & EDIZIONI SAN PAOLO SRL,  Piazza Soncino, 5 CINISELLO BALSAMO (MI) -- ITALY